Central Library OPAC University of Rajshahi

Autobiography / (Record no. 61078)

MARC details
000 -LEADER
fixed length control field 00609nam a2200205 a 4500
001 - CONTROL NUMBER
control field 61078
003 - CONTROL NUMBER IDENTIFIER
rucl marc code BD-RjUL
005 - DATE AND TIME OF LATEST TRANSACTION
control field 20211209080923.0
008 - FIXED-LENGTH DATA ELEMENTS--GENERAL INFORMATION
fixed length control field 170115r19541948enk||||| |||| 00| 0 eng d
035 ## - SYSTEM CONTROL NUMBER
System control number (BD-RjUL) 61202
040 ## - CATALOGING SOURCE
Original cataloging agency BD-RjUL
Language of cataloging eng
Transcribing agency BD-RjUL
041 ## - LANGUAGE CODE
Language code of text/sound track or separate title eng
082 ## - DEWEY DECIMAL CLASSIFICATION NUMBER
Edition number 23
Classification number 973.3092
Author mark and year FRA 1954
100 ## - MAIN ENTRY--PERSONAL NAME
Personal name Franklin, Bejamin
9 (RLIN) 168516
245 10 - TITLE STATEMENT
Title Autobiography /
Statement of responsibility, etc. Bejamin franklin
260 ## - PUBLICATION, DISTRIBUTION, ETC. (IMPRINT)
Place of publication, distribution, etc. New York :
Name of publisher, distributor, etc. Macmillan Co.,
Date of publication, distribution, etc. 1948 [reprint 1954]
300 ## - PHYSICAL DESCRIPTION
Pagination 175 P. :
Illustrations ill. ;
Size 19 cm.
600 ## - SUBJECT ADDED ENTRY--PERSONAL NAME
Personal name Franklin, Benjamin,
Dates associated with a name 1706-1790
Geographic subdivision United States
942 ## - ADDED ENTRY ELEMENTS (KOHA)
Source of classification or shelving scheme Dewey Decimal Classification
Koha item type Books
Holdings
Lost status Source of classification or shelving scheme Damaged status Not for loan Collection code Permanent Location Current Location Shelving location Date acquired Source of acquisition Total Checkouts Full call number Date last seen Copy number Koha item type
  Dewey Decimal Classification   Not For Loan Non-fiction Central Library, University of Rajshahi Central Library, University of Rajshahi Reading Room 10/06/1957 Asia foundation   973.3092 FRA 1954 15/01/2017 C-1 Books